مقدّمَہ شِعروشَاعِری ............ Mukadema Sher -o- Shayeri (Record no. 529148)
[ view plain ]
| 000 -LEADER | |
|---|---|
| fixed length control field | 00403nam a22001457a 4500 |
| 003 - CONTROL NUMBER IDENTIFIER | |
| control field | NUST |
| 038 ## - RECORD CONTENT LICENSOR | |
| Staff Name | MSOHAIL |
| 082 ## - DEWEY DECIMAL CLASSIFICATION NUMBER | |
| Classification number | 0 |
| 100 ## - MAIN ENTRY--PERSONAL NAME | |
| Personal name | Altaf Hussain Hali |
| 9 (RLIN) | 21015 |
| 110 ## - MAIN ENTRY--CORPORATE NAME | |
| Relator code | آلطاف حسین حالی |
| 245 ## - TITLE STATEMENT | |
| Title | مقدّمَہ شِعروشَاعِری ............ Mukadema Sher -o- Shayeri |
| 260 ## - PUBLICATION, DISTRIBUTION, ETC. | |
| Place of publication, distribution, etc. | Lahore |
| Name of publisher, distributor, etc. | Khazena ilmo adab |
| Date of publication, distribution, etc. | c |
| 300 ## - PHYSICAL DESCRIPTION | |
| Extent | 183,p;' |
| Dimensions | 22cm |
| Accompanying material | H.B |
| 942 ## - ADDED ENTRY ELEMENTS (KOHA) | |
| Source of classification or shelving scheme | |
| Koha item type | Book |
| Withdrawn status | Lost status | Source of classification or shelving scheme | Damaged status | Not for loan | Permanent Location | Current Location | Date acquired | Total Checkouts | Barcode | Date last seen | Price effective from | Koha item type |
|---|---|---|---|---|---|---|---|---|---|---|---|---|
| School of Civil and Environmental Engineering (SCEE) | School of Civil and Environmental Engineering (SCEE) | 09/20/2019 | NIT-10732 | 09/20/2019 | 09/20/2019 | Book |
